[Event "GER-ch U25-B"]
[Site "Willingen"]
[Date "2023.05.30"]
[Round "4"]
[White "Fellberg, Justus"]
[Black "Golke, Philipp"]
[Result "1-0"]
[WhiteElo "1502"]
[BlackElo "1374"]
[PlyCount "89"]
[EventDate "2023.05.27"]
[EventType "swiss"]
[EventRounds "9"]
[EventCountry "GER"]
[SourceTitle "CBM 214 Extra"]
[Source "ChessBase"]
[SourceDate "2023.07.31"]
[SourceVersion "1"]
[SourceVersionDate "2023.07.31"]
[SourceQuality "1"]

1. e4 e5 2. Nf3 Nc6 3. d4 exd4 4. Bc4 Be7 5. c3 Nf6 6. e5 Ne4 7. cxd4 Ng5 8. Nxg5 Bxg5 9. f4 Bh6 10. 0-0 d5 11. Bb5 g6 12. Nc3 Be6 13. Na4 0-0 14. Bxc6 bxc6 15. Nc5 Bg7 16. b3 Re8 17. Ba3 Bf8 18. Nxe6 fxe6 19. Bxf8 Rxf8 20. Rc1 Re8 21. Rxc6 Kg7 22. Qc2 Re7 23. Rc1 Rc8 24. Qc5 Qf8 25. g3 Rf7 26. Qxf8+ Kxf8 27. Rxe6 Rd7 28. Kf2 Kf7 29. Rf6+ Kg7 30. Rcc6 Re7 31. g4 Rce8 32. h4 Rd8 33. f5 gxf5 34. gxf5 Rdd7 35. h5 Rf7 36. h6+ Kg8 37. Rxf7 Rxf7 38. f6 Rd7 39. e6 Rd8 40. Rxc7 Rf8 41. f7+ Kh8 42. Ke3 a5 43. e7 Rxf7 44. e8Q+ Rf8 45. Qxf8# 1-0

[Event "GER-chT Christmas U16 Steinitz"]
[Site "Playchess.com INT"]
[Date "2020.12.28"]
[Round "4.1"]
[White "Fellberg, Justus"]
[Black "Huber, Benedikt"]
[Result "1/2-1/2"]
[WhiteElo "1200"]
[BlackElo "1613"]
[PlyCount "57"]
[EventDate "2020.12.28"]
[EventType "team-swiss (blitz)"]
[EventRounds "7"]
[EventCountry "GER"]
[SourceTitle "CBM 200 Extra"]
[Source "ChessBase"]
[SourceDate "2021.03.31"]
[SourceVersion "1"]
[SourceVersionDate "2021.03.31"]
[SourceQuality "1"]
[WhiteTeam "Wilhelmsburg"]
[BlackTeam "Kelheim II"]
[WhiteTeamCountry "GER"]
[BlackTeamCountry "GER"]

1. e4 e6 2. d4 d5 3. exd5 exd5 4. h3 Nf6 5. Nf3 c5 6. c3 Nc6 7. Bb5 Be7 8. 0-0 Be6 9. Ne5 Qc7 10. Bf4 Qc8 11. Qa4 Bd7 12. Nxd7 Qxd7 13. Re1 0-0 14. dxc5 Bxc5 15. Nd2 a6 16. Bf1 Rfe8 17. Qc2 Rxe1 18. Rxe1 Re8 19. Rxe8+ Qxe8 20. Bg3 h6 21. Nb3 Ba7 22. Qd2 Ne4 23. Qd3 Ne5 24. Bxe5 Qxe5 25. Nd4 Kf8 26. f3 Nf6 27. Kh1 Nh5 28. Ne2 Nf6 29. Ng1 1/2-1/2

[Event "GER Pfingstopen U16"]
[Site "Playchess.com INT"]
[Date "2020.06.05"]
[Round "1"]
[White "Bakiev, Diyor"]
[Black "Fellberg, Justus"]
[Result "1-0"]
[WhiteElo "1844"]
[BlackElo "1596"]
[PlyCount "45"]
[EventDate "2020.06.05"]
[EventType "swiss (blitz)"]
[EventRounds "11"]
[EventCountry "GER"]
[SourceTitle "CBM 197 Extra"]
[Source "ChessBase"]
[SourceDate "2020.09.30"]
[SourceVersion "1"]
[SourceVersionDate "2020.09.30"]
[SourceQuality "1"]

1. e4 d5 2. exd5 c6 3. dxc6 Nxc6 4. Nf3 Bg4 5. Be2 e6 6. 0-0 Bd6 7. d4 Nge7 8. c4 Bxf3 9. Bxf3 Qc7 10. g3 Qd7 11. Nc3 0-0 12. Bg2 Bc7 13. Be3 Bb6 14. c5 Ba5 15. Rc1 b6 16. cxb6 Bxb6 17. Na4 Rab8 18. Nxb6 Rxb6 19. d5 Rxb2 20. dxc6 Qxd1 21. Rfxd1 Rxa2 22. c7 Rc8 23. Rd8+ 1-0

[Event "GER-ch U18 sf Berlin Online"]
[Site "Playchess.com INT"]
[Date "2020.05.01"]
[Round "8"]
[White "Fock, Madiha"]
[Black "Fellberg, Justus"]
[Result "1/2-1/2"]
[WhiteElo "1749"]
[BlackElo "1620"]
[PlyCount "82"]
[EventDate "2020.05.01"]
[EventType "swiss (blitz)"]
[EventRounds "13"]
[EventCountry "GER"]
[SourceTitle "CBM 195 Extra"]
[Source "ChessBase"]
[SourceDate "2020.05.31"]
[SourceVersion "1"]
[SourceVersionDate "2020.05.31"]
[SourceQuality "1"]

1. e4 d5 2. exd5 c6 3. Nc3 cxd5 4. d4 Nc6 5. Nf3 Bg4 6. Be3 e5 7. Bb5 e4 8. Bxc6+ bxc6 9. Qe2 exf3 10. gxf3 Bh3 11. Rg1 Bd6 12. Rxg7 Bxh2 13. Bg5+ Ne7 14. 0-0-0 Be6 15. Rh1 Kf8 16. Bf6 Bf4+ 17. Kb1 Bh6 18. Rxh6 Qd6 19. Rhxh7 Rxh7 20. Rxh7 Ng6 21. Rh1 Ke8 22. Re1 Kd7 23. Be5 Nxe5 24. Qxe5 Qxe5 25. dxe5 Rh8 26. Rd1 Rh2 27. Ne4 Rh3 28. Nf6+ Ke7 29. f4 Rf3 30. b3 Rxf2 31. Rd4 Bd7 32. Kb2 Bf5 33. Ka3 Rxc2 34. Ra4 Rf2 35. Rxa7+ Kf8 36. Ra8+ Kg7 37. Rg8+ Kh6 38. Rh8+ Kg6 39. Rg8+ Kh6 40. Rh8+ Kg6 41. Rg8+ Kh6 1/2-1/2